Correspondances du Métro Parisien - Sélection de Tuiles - Statistiques

Statistiques générales
  • Ce quiz a été pris 14 fois
  • Le résultat moyen est 127 sur 240
Statistiques - réponses
Question Tuile Select % Correct
avec la ligne 1 Non
92%
avec la ligne 1 Non
92%
avec la ligne 1 Non
92%
avec la ligne 1 Non
92%
avec la ligne 1 Oui
85%
avec la ligne 1 Oui
85%
avec la ligne 1 Oui
85%
avec la ligne 1 Oui
77%
avec la ligne 1 Oui
77%
avec la ligne 1 Oui
77%
avec la ligne 1 Oui
77%
avec la ligne 1 Oui
77%
avec la ligne 1 Oui
77%
avec la ligne 3bis Non
77%
avec la ligne 3bis Non
77%
avec la ligne 3bis Non
77%
avec la ligne 3bis Non
77%
avec la ligne 3bis Non
77%
avec la ligne 3bis Non
77%
avec la ligne 3bis Non
77%
avec la ligne 3bis Non
77%
avec la ligne 3bis Non
77%
avec la ligne 3bis Non
77%
avec la ligne 3bis Non
77%
avec la ligne 3bis Non
77%
avec la ligne 1 Oui
69%
avec la ligne 2 Oui
69%
avec la ligne 2 Non
69%
avec la ligne 2 Oui
69%
avec la ligne 2 Oui
69%
avec la ligne 3 Oui
69%
avec la ligne 3 Non
69%
avec la ligne 3 Non
69%
avec la ligne 3bis Oui
69%
avec la ligne 3bis Non
69%
avec la ligne 4 Oui
69%
avec la ligne 4 Oui
69%
avec la ligne 4 Non
69%
avec la ligne 4 Oui
69%
avec la ligne 4 Oui
69%
avec la ligne 4 Oui
69%
avec la ligne 4 Non
69%
avec la ligne 4 Oui
69%
avec la ligne 4 Oui
69%
avec la ligne 4 Oui
69%
avec la ligne 4 Oui
69%
avec la ligne 4 Oui
69%
avec la ligne 2 Non
62%
avec la ligne 2 Oui
62%
avec la ligne 2 Oui
62%
avec la ligne 2 Non
62%
avec la ligne 2 Oui
62%
avec la ligne 2 Oui
62%
avec la ligne 3 Non
62%
avec la ligne 3 Non
62%
avec la ligne 3bis Oui
62%
avec la ligne 4 Oui
62%
avec la ligne 4 Oui
62%
avec la ligne 4 Oui
62%
avec la ligne 5 Non
62%
avec la ligne 7bis Non
62%
avec la ligne 7bis Non
62%
avec la ligne 7bis Non
62%
avec la ligne 7bis Non
62%
avec la ligne 7bis Non
62%
avec la ligne 7bis Non
62%
avec la ligne 7bis Non
62%
avec la ligne 7bis Non
62%
avec la ligne 7bis Non
62%
avec la ligne 7bis Non
62%
avec la ligne 7bis Non
62%
avec la ligne 11 Non
62%
avec la ligne 11 Non
62%
avec la ligne 11 Oui
62%
avec la ligne 11 Non
62%
avec la ligne 11 Non
62%
avec la ligne 14 Oui
62%
avec la ligne 14 Non
62%
avec la ligne 14 Non
62%
avec la ligne 14 Non
62%
avec la ligne 2 Oui
54%
avec la ligne 2 Oui
54%
avec la ligne 2 Oui
54%
avec la ligne 2 Non
54%
avec la ligne 3 Oui
54%
avec la ligne 3 Oui
54%
avec la ligne 3 Oui
54%
avec la ligne 5 Oui
54%
avec la ligne 5 Oui
54%
avec la ligne 5 Non
54%
avec la ligne 5 Non
54%
avec la ligne 6 Non
54%
avec la ligne 6 Non
54%
avec la ligne 6 Non
54%
avec la ligne 6 Non
54%
avec la ligne 6 Oui
54%
avec la ligne 7 Non
54%
avec la ligne 7 Oui
54%
avec la ligne 7 Non
54%
avec la ligne 7 Non
54%
avec la ligne 7bis Oui
54%
avec la ligne 8 Non
54%
avec la ligne 8 Non
54%
avec la ligne 8 Non
54%
avec la ligne 8 Oui
54%
avec la ligne 9 Non
54%
avec la ligne 9 Non
54%
avec la ligne 9 Oui
54%
avec la ligne 10 Non
54%
avec la ligne 10 Non
54%
avec la ligne 10 Non
54%
avec la ligne 10 Oui
54%
avec la ligne 10 Non
54%
avec la ligne 10 Non
54%
avec la ligne 10 Non
54%
avec la ligne 11 Oui
54%
avec la ligne 11 Oui
54%
avec la ligne 12 Non
54%
avec la ligne 12 Non
54%
avec la ligne 12 Non
54%
avec la ligne 12 Non
54%
avec la ligne 12 Non
54%
avec la ligne 13 Non
54%
avec la ligne 13 Non
54%
avec la ligne 13 Non
54%
avec la ligne 13 Non
54%
avec la ligne 13 Non
54%
avec la ligne 13 Oui
54%
avec la ligne 14 Oui
54%
avec la ligne 14 Oui
54%
avec la ligne 1 Oui
46%
avec la ligne 3 Oui
46%
avec la ligne 3 Oui
46%
avec la ligne 3 Oui
46%
avec la ligne 3 Oui
46%
avec la ligne 3 Oui
46%
avec la ligne 3 Oui
46%
avec la ligne 3 Oui
46%
avec la ligne 5 Oui
46%
avec la ligne 5 Oui
46%
avec la ligne 5 Oui
46%
avec la ligne 5 Non
46%
avec la ligne 6 Oui
46%
avec la ligne 6 Oui
46%
avec la ligne 6 Oui
46%
avec la ligne 6 Oui
46%
avec la ligne 6 Oui
46%
avec la ligne 6 Oui
46%
avec la ligne 6 Oui
46%
avec la ligne 7 Oui
46%
avec la ligne 7 Oui
46%
avec la ligne 7 Oui
46%
avec la ligne 7 Oui
46%
avec la ligne 7bis Oui
46%
avec la ligne 8 Oui
46%
avec la ligne 8 Oui
46%
avec la ligne 8 Oui
46%
avec la ligne 8 Oui
46%
avec la ligne 9 Oui
46%
avec la ligne 9 Oui
46%
avec la ligne 9 Oui
46%
avec la ligne 9 Non
46%
avec la ligne 9 Oui
46%
avec la ligne 9 Oui
46%
avec la ligne 10 Oui
46%
avec la ligne 10 Non
46%
avec la ligne 11 Oui
46%
avec la ligne 11 Oui
46%
avec la ligne 11 Oui
46%
avec la ligne 12 Oui
46%
avec la ligne 12 Oui
46%
avec la ligne 13 Oui
46%
avec la ligne 13 Oui
46%
avec la ligne 13 Oui
46%
avec la ligne 13 Oui
46%
avec la ligne 14 Non
46%
avec la ligne 14 Non
46%
avec la ligne 14 Oui
46%
avec la ligne 5 Oui
38%
avec la ligne 5 Oui
38%
avec la ligne 5 Oui
38%
avec la ligne 5 Oui
38%
avec la ligne 5 Oui
38%
avec la ligne 6 Oui
38%
avec la ligne 6 Oui
38%
avec la ligne 6 Oui
38%
avec la ligne 7 Oui
38%
avec la ligne 7 Oui
38%
avec la ligne 7 Oui
38%
avec la ligne 7 Oui
38%
avec la ligne 7 Oui
38%
avec la ligne 7 Oui
38%
avec la ligne 7bis Oui
38%
avec la ligne 7bis Oui
38%
avec la ligne 8 Oui
38%
avec la ligne 8 Oui
38%
avec la ligne 8 Oui
38%
avec la ligne 8 Oui
38%
avec la ligne 8 Oui
38%
avec la ligne 9 Oui
38%
avec la ligne 9 Oui
38%
avec la ligne 9 Oui
38%
avec la ligne 9 Oui
38%
avec la ligne 10 Oui
38%
avec la ligne 10 Oui
38%
avec la ligne 10 Oui
38%
avec la ligne 10 Oui
38%
avec la ligne 10 Oui
38%
avec la ligne 10 Oui
38%
avec la ligne 11 Oui
38%
avec la ligne 11 Oui
38%
avec la ligne 11 Oui
38%
avec la ligne 11 Oui
38%
avec la ligne 12 Oui
38%
avec la ligne 12 Oui
38%
avec la ligne 12 Non
38%
avec la ligne 12 Oui
38%
avec la ligne 12 Oui
38%
avec la ligne 12 Oui
38%
avec la ligne 12 Oui
38%
avec la ligne 13 Oui
38%
avec la ligne 13 Oui
38%
avec la ligne 13 Oui
38%
avec la ligne 13 Oui
38%
avec la ligne 14 Oui
38%
avec la ligne 14 Oui
38%
avec la ligne 14 Oui
38%
avec la ligne 14 Oui
38%
avec la ligne 14 Oui
38%
avec la ligne 2 Oui
31%
avec la ligne 5 Oui
31%
avec la ligne 7 Oui
31%
avec la ligne 8 Oui
31%
avec la ligne 9 Oui
31%
avec la ligne 9 Oui
31%
avec la ligne 11 Oui
31%
avec la ligne 13 Oui
31%
avec la ligne 8 Oui
23%
avec la ligne 12 Oui
23%
avec la ligne 14 Oui
15%
Aucun quiz correspondant
Distribution des résultats
% des personnes avec chaque résultat
Percentile par nombre de réponses
Votre historique - résultats
Vous n’avez pas pris ce quiz